000 01069nam a2200277 a 4500
001 ebr10416210
003 CaPaEBR
006 m u
007 cr cn|||||||||
008 101001s2008 ii a sb 000 0 eng d
020 _z9788189920777
040 _aCaPaEBR
_cCaPaEBR
035 _a(OCoLC)650248673
050 1 4 _aRA781.7
_b.K86 2008eb
100 0 _aRamesh Kumar.
245 1 0 _aYoga
_h[electronic resource] :
_ba gateway to curb social evils /
_cRamesh Kumar.
260 _aNew Delhi [India] :
_bPragun Publication,
_c2008.
300 _axv, 149 p. :
_bill.
504 _aIncludes bibliographical references (p. [151]).
533 _aElectronic reproduction.
_bPalo Alto, Calif. :
_cebrary,
_d2011.
_nAvailable via World Wide Web.
_nAccess may be limited to ebrary affiliated libraries.
650 0 _aHatha yoga.
650 0 _aYoga
_xHealth aspects.
655 7 _aElectronic books.
_2local
710 2 _aebrary, Inc.
856 4 0 _uhttp://site.ebrary.com/lib/rucke/Doc?id=10416210
_zAn electronic book accessible through the World Wide Web; click to view
999 _c84519
_d84519